Global Language Vocabulary- I - Statistics

General Stats
  • This quiz has been taken 89 times
  • The average score is 4 of 12
Answer Stats
Language Answer % Correct
Spanish Yo
83%
French Je
78%
Hindi मैं, main
45%
Ukrainian я, ya
43%
Portuguese Eu
39%
Icelandic Ég
29%
Greek Εγώ, egó
24%
Korean 나, na
20%
Arabic أنا, 'ana
18%
Turkmen Men
16%
Vietnamese Tôi
12%
Bengali আমি, āmi
6%
No matching quizzes found
Score Distribution
Percent of People with Each Score
Percentile by Number Answered
Your Score History
You have not taken this quiz